Loading...
| Mythology | 0 | 9 | 0 | 2 | 90 | 64 | 90.44 | 1 | 3 |
| Literature - American Literature | 0 | 9 | 0 | 1 | 90 | 63 | 84.33 | 0 | 5 |
| Literature - European Literature | 0 | 9 | 0 | 2 | 90 | 59 | 89.78 | 2 | 5 |
| Literature - World Literature | 0 | 9 | 0 | 0 | 90 | 49 | 81.22 | 1 | 4 |
| Literature - British Literature | 0 | 7 | 0 | 1 | 70 | 57 | 94.71 | 1 | 2 |
| Painting/Sculpture | 0 | 7 | 0 | 0 | 70 | 39 | 81.57 | 1 | 6 |
| Fine Arts - Classical Music | 0 | 6 | 0 | 0 | 60 | 58 | 86.00 | 2 | 4 |
| History - World History | 0 | 6 | 0 | 1 | 60 | 46 | 69.67 | 1 | 2 |
| History - American History | 0 | 6 | 0 | 3 | 60 | 44 | 86.50 | 0 | 2 |
| History - European History | 0 | 6 | 1 | 1 | 55 | 59 | 81.17 | 0 | 2 |
| Philosophy | 0 | 6 | 1 | 2 | 55 | 38 | 82.33 | 0 | 4 |
| History - Other History | 0 | 6 | 1 | 1 | 55 | 17 | 75.17 | 0 | 3 |
| Religion | 0 | 4 | 0 | 1 | 40 | 78 | 89.00 | 1 | 1 |
| Science - Physics | 0 | 4 | 0 | 1 | 40 | 74 | 92.00 | 0 | 0 |
| Science - Biology | 0 | 4 | 0 | 1 | 40 | 51 | 74.25 | 1 | 2 |
| Science - Other Science | 0 | 3 | 0 | 2 | 30 | 92 | 96.33 | 0 | 0 |
| Fine Arts - Other Fine Arts | 0 | 4 | 2 | 1 | 30 | 29 | 72.75 | 1 | 2 |
| Social Science | 0 | 2 | 0 | 0 | 20 | 56 | 80.00 | 0 | 2 |
| Science - Chemistry | 0 | 3 | 2 | 0 | 20 | 72 | 79.67 | 0 | 1 |
| Geography | 0 | 2 | 1 | 1 | 15 | 115 | 117.00 | 0 | 1 |
| Pop Culture | 0 | 1 | 0 | 0 | 10 | 64 | 64.00 | 0 | 0 |
| Current Events | 0 | 1 | 0 | 0 | 10 | 20 | 20.00 | 1 | 1 |